Задачник по электротехнике и электронике: учебное пособие

Chi tiết về thư mục
Tác giả chính: Полещук В. И. Виктор Иванович
Tóm tắt:Учебное пособие может быть использовано при изучении общепрофессиональной дисциплины «Электротехника и электроника» в соответствии с ФГОС СПО для всех специальностей технического профиля.Состоит из задач, распределенных по разделам в соответствии с учебной программой. Для регулярного контроля знаний в течение се­местра подобраны простые задачи преимущественно качественного ха­рактера. Для практических занятий, зачетов и экзаменов предлагают­ся более сложные задачи, но без громоздких вычислений.Для студентов образовательных учреждений среднего профессио­нального образования.
Ngôn ngữ:Tiếng Nga
Được phát hành: Москва, Академия, 2014
Phiên bản:9-е изд. стер.
Loạt:Профессиональное образование. Общепрофессиональные дисциплины
Những chủ đề:
Định dạng: MixedMaterials Sách
KOHA link:https://koha.lib.tpu.ru/cgi-bin/koha/opac-detail.pl?biblionumber=288883

MARC

LEADER 00000nam0a2200000 4500
001 288883
005 20231102000132.0
010 |a 9785446813964 
035 |a (RuTPU)RU\TPU\book\313387 
035 |a RU\TPU\book\109913 
035 |a RU\TPU\book\144385 
090 |a 288883 
100 |a 20060918d2014 m y0rusy50 ca 
101 0 |a rus 
102 |a RU 
105 |a a j 001zy 
200 1 |a Задачник по электротехнике и электронике  |e учебное пособие  |f В. И. Полещук 
205 |a 9-е изд. стер. 
210 |a Москва  |c Академия  |d 2014 
215 |a 256 с.  |c ил. 
225 1 |a Профессиональное образование. Общепрофессиональные дисциплины 
320 |a Библиогр.: с. 254. 
330 |a Учебное пособие может быть использовано при изучении общепрофессиональной дисциплины «Электротехника и электроника» в соответствии с ФГОС СПО для всех специальностей технического профиля.Состоит из задач, распределенных по разделам в соответствии с учебной программой. Для регулярного контроля знаний в течение се­местра подобраны простые задачи преимущественно качественного ха­рактера. Для практических занятий, зачетов и экзаменов предлагают­ся более сложные задачи, но без громоздких вычислений.Для студентов образовательных учреждений среднего профессио­нального образования. 
451 1 |0 (RuTPU)RU\TPU\book\109913  |y 5-7695-2549-5  |t Задачник по электротехнике и электронике  |o учебное пособие  |f В. И. Полещук  |e 2-е изд., стер.  |c М.  |n Академия  |d 2006  |p 224 с.  |s Среднее профессиональное образование. Общепрофессиональные дисциплины  |a Полещук, Виктор Иванович 
606 1 |a Электротехника общая  |2 stltpush  |3 (RuTPU)RU\TPU\subj\20906  |9 45967 
610 1 |a электротехнические цепи 
610 1 |a электромагнетизм 
610 1 |a электромагнитная индукция 
610 1 |a линейные электрические цепи 
610 1 |a переходные процессы 
610 1 |a электрические измерения 
610 1 |a приборы 
610 1 |a трансформаторы 
610 1 |a полупроводниковые приборы 
610 1 |a электронные устройства 
610 1 |a электрические машины переменного тока 
610 1 |a электрические машины постоянного тока 
610 1 |a электроприводы 
610 1 |a автоматика 
610 1 |a электрические элементы 
610 1 |a магнитные элементы 
610 1 |a электрическая энергия 
610 1 |a передача 
610 1 |a распределение 
610 1 |a задачи 
610 1 |a расчетные формулы 
610 1 |a учебные пособия 
610 1 |a электроника 
610 1 |a цифровая техника 
610 1 |a логические элементы 
610 1 |a импульсная техника 
675 |a 621.3(076)  |v 4 
675 |a 621.38(076)  |v 4 
700 1 |a Полещук  |b В. И.  |g Виктор Иванович 
801 1 |a RU  |b 63413507  |c 20150330 
801 2 |a RU  |b 63413507  |c 20150818  |g RCR 
942 |c BK 
959 |a 19/20150325  |d 20  |e 390,00  |f ЧЗТЛ:1  |f УФ:19